00550nam a2200193 a 4500001001300000003000900013005001700022008004100039020000900080082001500089100003300104245006500137260004800202300000900250500003500259505001000294650001900304700003300323nice12345678IN_TiNIC20260116012817.0050524s1985 newa grp 000 0 eng  ac6000a954.8bBHA aBhandarkar, Ramkrishna Gopal aEarly History of the Dekkanb Down to the Mahomedan Conquest aNew DelhibAsian Educational Servicesc1985 a143p aincludes index and biblioraphy2 aIndex aDeccan-History1 aBhandarkar, Ramkrishna Gopal